|
|
|
|
| LEADER |
00976naa a2200229 i 4500 |
| 001 |
acta69408 |
| 005 |
20230309155534.0 |
| 008 |
200703s2015 hu o 0|| hun d |
| 020 |
|
|
|a 978 963 306 413 9
|
| 040 |
|
|
|a SZTE Egyetemi Kiadványok Repozitórium
|b hun
|
| 041 |
|
|
|a hun
|
| 041 |
|
|
|a eng
|
| 100 |
1 |
|
|a Mód László
|
| 245 |
1 |
0 |
|a Egy szegedi üdülőtelep néprajzi kutatásának lehetőségei
|h [elektronikus dokumentum] /
|c Mód László
|
| 260 |
|
|
|c 2015
|
| 300 |
|
|
|a 25-32
|
| 490 |
0 |
|
|a Folyók és városok = Rivers and towns
|
| 650 |
|
4 |
|a Társadalomtudományok
|
| 650 |
|
4 |
|a Szociológia
|
| 695 |
|
|
|a Fürdőkultúra - Magyarország - regionális, Szeged - Tisza - szabadidő felhasználása, Életmód - városi - Magyarország - 19-20. sz., Tisza, Kulturális antropológia, Néprajz
|
| 710 |
|
|
|a Nemzetközi Néprajzi Szeminárium (8.) (2007) (Szeged)
|
| 856 |
4 |
0 |
|u http://acta.bibl.u-szeged.hu/69408/1/mod_laszlo_folyok_es_varosok_025-032.pdf
|z Dokumentum-elérés
|